000 00888nam a2200289Ia 4500
003 OSt
005 20220912150804.0
006 a|||||r|||| 00| 0
007 ta
008 220909b |||||||| |||| 00| 0 eng d
024 _a42993
037 _cTextual
040 _aCSL
_beng
_cCSL
041 _aeng
082 _aD65,8(B)92p1,N71, L2
100 _aHoare C A R Ed.
111 _aInternational conference on operating systems techniques (1971 : Queen's University)
245 0 _aProceeding on operating systems techniques
260 _aLondon
_bAcademic Press
_c1972
300 _axii, 390p.
_ccm.
490 _aA P I C studies in data processing; 9
650 _a Database
650 _aComputer science
700 _a Perrott R H Ed.
942 _hD65,8(B)92p1,N71, L2
_cTEXL
_2CC
999 _c55031
_d55031